[Event "The Irish Championship 2020"]
[Site "Colaiste Eanna, Dublin, Ireland"]
[Date "2020.08.01"]
[Round "1"]
[Board "13"]
[White "Flynn, Jacob"]
[Black "Moran, Darragh"]
[Result "0-1"]
[WhiteElo "2114"]
[BlackElo "1873"]
[PlyCount "194"]
[EventDate "2020.08.01"]
[EventRounds "9"]
[EventCountry "IRL"]

1. d4 {[%emt 0:00:00]} e6 {[%emt 0:04:55]} 2. c4 {[%emt 0:00:34]} Nf6 {[%emt 0:
00:16]} 3. Nf3 {[%emt 0:03:22]} d5 {[%emt 0:00:21]} 4. Nc3 {[%emt 0:00:10]} c5
{[%emt 0:00:03]} 5. cxd5 {[%emt 0:05:28]} Nxd5 {[%emt 0:00:06]} 6. e3 {[%emt 0:
04:16]} cxd4 {[%emt 0:07:16]} 7. exd4 {[%emt 0:00:21]} Be7 {[%emt 0:00:37]} 8.
Bd3 {[%emt 0:03:55]} O-O {[%emt 0:01:10]} 9. O-O {[%emt 0:02:35]} Nc6 {[%emt 0:
01:52]} 10. a3 {[%emt 0:01:28]} Bf6 {[%emt 0:09:32]} 11. Bc2 {[%emt 0:06:08]}
g6 {[%emt 0:21:56]} 12. Re1 {[%emt 0:14:37]} Re8 {[%emt 0:01:50]} 13. Ne4 {
[%emt 0:05:26]} Bg7 {[%emt 0:02:46]} 14. Bg5 {[%emt 0:04:46]} Qb6 {[%emt 0:09:
32]} 15. Nd6 {[%emt 0:11:28]} Rf8 {[%emt 0:03:03]} 16. Nc4 {[%emt 0:01:51]} Qc7
{[%emt 0:03:16]} 17. Bb3 {[%emt 0:07:35]} b5 {[%emt 0:09:40]} 18. Nce5 {[%emt
0:17:55]} Nce7 {[%emt 0:16:48]} 19. Ng4 {[%emt 0:14:05]} h5 {[%emt 0:05:18]}
20. Ne3 {[%emt 0:01:24]} Bb7 {[%emt 0:06:48]} 21. Qe2 {[%emt 0:09:53]} Qb6 {
[%emt 0:02:03]} 22. Rad1 {[%emt 0:01:03]} Rac8 {[%emt 0:02:41]} 23. Ne5 {[%emt
0:05:31]} Qd6 {[%emt 0:03:20]} 24. Qxb5 {[%emt 0:11:49]} Ba6 {[%emt 0:18:18]}
25. Bxe7 {[%emt 0:00:03]} Nxe7 {[%emt 0:00:13]} 26. Qa4 {[%emt 0:01:03]} Rfd8 {
[%emt 0:01:47]} 27. N3c4 {[%emt 0:01:52]} Bxc4 {[%emt 0:00:42]} 28. Bxc4 {
[%emt 0:01:30]} Qb6 {[%emt 0:02:51]} 29. Bb3 {[%emt 0:04:39]} Rb8 {[%emt 0:02:
25]} 30. Rd3 {[%emt 0:00:35]} Qb5 {[%emt 0:04:35]} 31. Qxb5 {[%emt 0:04:17]}
Rxb5 {[%emt 0:00:09]} 32. Nf3 {[%emt 0:03:17]} Rdb8 {[%emt 0:04:22]} 33. Bc4 {
[%emt 0:00:39]} Rxb2 {[%emt 0:00:12]} 34. d5 {[%emt 0:00:35]} Nxd5 {[%emt 0:00:
05]} 35. Bxd5 {[%emt 0:00:05]} exd5 {[%emt 0:00:05]} 36. Rxd5 {[%emt 0:00:26]}
R2b3 {[%emt 0:02:08]} 37. a4 {[%emt 0:01:16]} Ra3 {[%emt 0:00:50]} 38. Rd7 {
[%emt 0:00:50]} Rxa4 {[%emt 0:01:03]} 39. g3 {[%emt 0:00:01]} Bf6 {[%emt 0:00:
38]} 40. Rc1 {[%emt 0:01:04]} Rb3 {[%emt 0:02:48]} 41. Kg2 {[%emt 0:00:34]}
Raa3 {[%emt 0:00:53]} 42. Nd2 {[%emt 0:00:01]} Rd3 {[%emt 0:00:17]} 43. Rc8+ {
[%emt 0:00:55]} Kg7 {[%emt 0:00:19]} 44. Rcc7 {[%emt 0:00:17]} Rxd7 {[%emt 0:
00:04]} 45. Rxd7 {[%emt 0:00:09]} Ra4 {[%emt 0:00:42]} 46. Nb3 {[%emt 0:00:54]}
Rb4 {[%emt 0:00:16]} 47. Nc5 {[%emt 0:00:51]} a5 {[%emt 0:01:20]} 48. Ra7 {
[%emt 0:00:27]} Rb5 {[%emt 0:00:22]} 49. Ne4 {[%emt 0:00:53]} Rd5 {[%emt 0:00:
43]} 50. h4 {[%emt 0:00:58]} Bd4 {[%emt 0:00:44]} 51. Ra6 {[%emt 0:00:35]} Re5
{[%emt 0:00:58]} 52. Ng5 {[%emt 0:00:41]} Rf5 {[%emt 0:00:27]} 53. Nf3 {[%emt
0:00:23]} Bc3 {[%emt 0:00:06]} 54. Ng5 {[%emt 0:00:42]} Bd4 {[%emt 0:01:12]}
55. Nf3 {[%emt 0:00:01]} Bf6 {[%emt 0:00:26]} 56. Nd2 {[%emt 0:00:19]} Re5 {
[%emt 0:00:38]} 57. Nc4 {[%emt 0:00:47]} Re2 {[%emt 0:00:07]} 58. Kf3 {[%emt 0:
01:03]} Rc2 {[%emt 0:00:15]} 59. Ne3 {[%emt 0:00:49]} Ra2 {[%emt 0:00:07]} 60.
Nc4 {[%emt 0:00:38]} Bd4 {[%emt 0:00:32]} 61. Rxa5 {[%emt 0:00:32]} Rxf2+ {
[%emt 0:00:33]} 62. Ke4 {[%emt 0:00:01]} Bf6 {[%emt 0:01:03]} 63. Ra3 {[%emt 0:
00:36]} Be7 {[%emt 0:00:29]} 64. Rf3 {[%emt 0:00:50]} f5+ {[%emt 0:01:10]} 65.
Ke3 {[%emt 0:00:45]} Bc5+ {[%emt 0:00:06]} 66. Kf4 {[%emt 0:00:01]} Rc2 {[%emt
0:00:13]} 67. Na5 {[%emt 0:01:07]} Bd6+ {[%emt 0:00:19]} 68. Ke3 {[%emt 0:00:
40]} Rg2 {[%emt 0:00:18]} 69. Nc4 {[%emt 0:00:38]} Bxg3 {[%emt 0:00:37]} 70.
Rf1 {[%emt 0:00:31]} Bxh4 {[%emt 0:00:10]} 71. Rb1 {[%emt 0:00:16]} Rg3+ {
[%emt 0:01:01]} 72. Ke2 {[%emt 0:00:06]} Rg4 {[%emt 0:00:45]} 73. Ne3 {[%emt 0:
00:39]} Re4 {[%emt 0:00:11]} 74. Kf3 {[%emt 0:00:03]} Bf6 {[%emt 0:00:42]} 75.
Rb7+ {[%emt 0:00:51]} Re7 {[%emt 0:00:11]} 76. Rb1 {[%emt 0:00:20]} h4 {[%emt
0:00:12]} 77. Rg1 {[%emt 0:00:17]} Kh6 {[%emt 0:00:29]} 78. Nd5 {[%emt 0:00:17]
} Re6 {[%emt 0:00:07]} 79. Nf4 {[%emt 0:00:12]} Bd4 {[%emt 0:01:28]} 80. Rd1 {
[%emt 0:01:59]} Re3+ {[%emt 0:00:41]} 81. Kg2 {[%emt 0:00:01]} Rg3+ {[%emt 0:
00:18]} 82. Kh1 {[%emt 0:00:20]} Be3 {[%emt 0:00:44]} 83. Ne2 {[%emt 0:00:35]}
Rf3 {[%emt 0:00:38]} 84. Rd3 {[%emt 0:00:52]} Rf1+ {[%emt 0:00:18]} 85. Kg2 {
[%emt 0:00:30]} Rf2+ {[%emt 0:00:06]} 86. Kh3 {[%emt 0:00:02]} Rxe2 {[%emt 0:
00:15]} 87. Rd8 {[%emt 0:00:22]} Kg5 {[%emt 0:00:30]} 88. Rd2 {[%emt 0:00:37]}
Re1 {[%emt 0:00:37]} 89. Re2 {[%emt 0:00:23]} Rg1 {[%emt 0:00:24]} 90. Ra2 {
[%emt 0:01:11]} Rg3+ {[%emt 0:00:28]} 91. Kh2 {[%emt 0:00:02]} Kg4 {[%emt 0:00:
13]} 92. Ra4+ {[%emt 0:00:14]} f4 {[%emt 0:00:05]} 93. Ra6 {[%emt 0:00:12]} g5
{[%emt 0:00:04]} 94. Ra2 {[%emt 0:00:11]} h3 {[%emt 0:00:06]} 95. Rg2 {[%emt 0:
00:33]} Rxg2+ {[%emt 0:00:18]} 96. Kh1 {[%emt 0:00:01]} Rg1+ {[%emt 0:00:08]}
97. Kh2 {[%emt 0:00:01]} Kh5 {[%emt 0:00:06]}  0-1

[Event "The Irish Championship 2020"]
[Site "Colaiste Eanna, Dublin, Ireland"]
[Date "2020.08.01"]
[Round "1"]
[Board "14"]
[White "Putar, Lara"]
[Black "O'Connell, Gerard"]
[Result "1/2-1/2"]
[WhiteElo "1834"]
[BlackElo "2075"]
[PlyCount "133"]
[EventDate "2020.08.01"]
[EventRounds "9"]
[EventCountry "IRL"]

1. d4 {[%emt 0:00:04]} Nf6 {[%emt 0:00:08]} 2. c4 {[%emt 0:00:07]} g6 {[%emt 0:
00:07]} 3. Nf3 {[%emt 0:00:13]} Bg7 {[%emt 0:00:10]} 4. g3 {[%emt 0:00:40]} d5
{[%emt 0:00:46]} 5. Bg2 {[%emt 0:00:56]} O-O {[%emt 0:00:14]} 6. O-O {[%emt 0:
00:42]} dxc4 {[%emt 0:00:33]} 7. Ne5 {[%emt 0:08:52]} Nbd7 {[%emt 0:06:21]} 8.
Nxc4 {[%emt 0:05:56]} Nb6 {[%emt 0:09:43]} 9. Ne5 {[%emt 0:15:04]} Ng4 {[%emt
0:17:23]} 10. Nxg4 {[%emt 0:11:56]} Bxg4 {[%emt 0:04:14]} 11. Bxb7 {[%emt 0:01:
37]} Rb8 {[%emt 0:00:20]} 12. Bg2 {[%emt 0:00:39]} Qxd4 {[%emt 0:03:59]} 13.
Qc2 {[%emt 0:03:59]} Qc4 {[%emt 0:01:57]} 14. Nc3 {[%emt 0:07:59]} Bxc3 {[%emt
0:14:33]} 15. Qxc3 {[%emt 0:01:50]} Qxc3 {[%emt 0:11:26]} 16. bxc3 {[%emt 0:00:
09]} Na4 {[%emt 0:00:12]} 17. h3 {[%emt 0:29:18]} Be6 {[%emt 0:08:47]} 18. Ba3
{[%emt 0:15:35]} c5 {[%emt 0:10:37]} 19. Rfc1 {[%emt 0:05:17]} Rfc8 {[%emt 0:
03:17]} 20. Rc2 {[%emt 0:02:27]} Rb6 {[%emt 0:01:12]} 21. Kh2 {[%emt 0:04:06]}
Rd8 {[%emt 0:01:23]} 22. Bc1 {[%emt 0:08:32]} Rd1 {[%emt 0:04:08]} 23. e4 {
[%emt 0:03:25]} Bc4 {[%emt 0:11:53]} 24. Bf3 {[%emt 0:01:11]} Rd8 {[%emt 0:25:
57]} 25. Be3 {[%emt 0:03:09]} Kg7 {[%emt 0:04:24]} 26. Rcc1 {[%emt 0:02:08]}
Rb2 {[%emt 0:01:59]} 27. Bd1 {[%emt 0:00:55]} Nb6 {[%emt 0:00:22]} 28. Bxc5 {
[%emt 0:00:48]} Rdd2 {[%emt 0:01:11]} 29. Be3 {[%emt 0:01:01]} Rd3 {[%emt 0:00:
34]} 30. Bd4+ {[%emt 0:02:37]} f6 {[%emt 0:00:28]} 31. Bb3 {[%emt 0:02:22]} Ba6
{[%emt 0:01:04]} 32. Rd1 {[%emt 0:01:23]} e5 {[%emt 0:00:16]} 33. Rxd3 {[%emt
0:04:03]} Bxd3 {[%emt 0:00:05]} 34. Be3 {[%emt 0:01:17]} Bxe4 {[%emt 0:00:11]}
35. Re1 {[%emt 0:00:53]} f5 {[%emt 0:00:32]} 36. Bc1 {[%emt 0:00:48]} Rb1 {
[%emt 0:00:10]} 37. f3 {[%emt 0:00:26]} Bd3 {[%emt 0:00:11]} 38. a3 {[%emt 0:
01:56]} Rxb3 {[%emt 0:00:12]} 39. Rxe5 {[%emt 0:00:13]} Rb1 {[%emt 0:00:29]}
40. Bg5 {[%emt 0:00:19]} Kf8 {[%emt 0:01:33]} 41. Rc5 {[%emt 0:01:26]} Rb2+ {
[%emt 0:00:36]} 42. Kg1 {[%emt 0:00:11]} Ra2 {[%emt 0:01:02]} 43. Rc7 {[%emt 0:
00:07]} a6 {[%emt 0:00:51]} 44. Rxh7 {[%emt 0:01:00]} Bc4 {[%emt 0:00:34]} 45.
Rc7 {[%emt 0:00:54]} Bb5 {[%emt 0:01:01]} 46. Bh6+ {[%emt 0:01:43]} Ke8 {[%emt
0:00:06]} 47. Rg7 {[%emt 0:00:12]} Rxa3 {[%emt 0:00:20]} 48. Rxg6 {[%emt 0:00:
41]} Nd5 {[%emt 0:00:24]} 49. Re6+ {[%emt 0:00:57]} Kf7 {[%emt 0:01:08]} 50.
Re5 {[%emt 0:01:13]} Kg6 {[%emt 0:00:17]} 51. Rxd5 {[%emt 0:01:07]} Kxh6 {
[%emt 0:00:06]} 52. Rxf5 {[%emt 0:00:06]} Rxc3 {[%emt 0:00:04]} 53. g4 {[%emt
0:00:25]} Rc2 {[%emt 0:00:34]} 54. h4 {[%emt 0:00:37]} Rb2 {[%emt 0:00:06]} 55.
Rf6+ {[%emt 0:00:37]} Kg7 {[%emt 0:00:06]} 56. g5 {[%emt 0:00:04]} a5 {[%emt 0:
00:14]} 57. h5 {[%emt 0:00:17]} Be8 {[%emt 0:02:30]} 58. h6+ {[%emt 0:01:07]}
Kh7 {[%emt 0:00:09]} 59. Ra6 {[%emt 0:00:21]} Rb5 {[%emt 0:02:15]} 60. Ra7+ {
[%emt 0:01:19]} Kg8 {[%emt 0:01:43]} 61. f4 {[%emt 0:00:33]} Rf5 {[%emt 0:00:
31]} 62. Ra8 {[%emt 0:01:18]} Rf8 {[%emt 0:00:38]} 63. Rxa5 {[%emt 0:00:16]}
Rxf4 {[%emt 0:00:06]} 64. Ra8 {[%emt 0:00:42]} Rg4+ {[%emt 0:02:07]} 65. Kf2 {
[%emt 0:00:08]} Rxg5 {[%emt 0:01:08]} 66. Rxe8+ {[%emt 0:00:10]} Kh7 {[%emt 0:
00:36]} 67. Ke3  1/2-1/2

[Event "The Irish Championship 2020"]
[Site "Colaiste Eanna, Dublin, Ireland"]
[Date "2020.08.01"]
[Round "1"]
[Board "15"]
[White "Jackson, Carl"]
[Black "Collins, Adam"]
[Result "1/2-1/2"]
[WhiteElo "2021"]
[BlackElo "1760"]
[PlyCount "52"]
[EventDate "2020.08.01"]
[EventRounds "9"]
[EventCountry "IRL"]

1. b3 {[%emt 0:14:26]} e5 {[%emt 0:00:03]} 2. Bb2 {[%emt 0:00:08]} Nc6 {[%emt
0:00:03]} 3. e3 {[%emt 0:00:10]} Nf6 {[%emt 0:00:03]} 4. Bb5 {[%emt 0:00:10]}
Bd6 {[%emt 0:00:04]} 5. Na3 {[%emt 0:00:44]} Na5 {[%emt 0:00:23]} 6. Be2 {
[%emt 0:00:14]} a6 {[%emt 0:01:28]} 7. c4 {[%emt 0:00:12]} Qe7 {[%emt 0:00:26]}
8. Nc2 {[%emt 0:00:11]} O-O {[%emt 0:01:23]} 9. Nf3 {[%emt 0:02:17]} Nc6 {
[%emt 0:09:02]} 10. O-O {[%emt 0:01:59]} e4 {[%emt 0:06:32]} 11. Nh4 {[%emt 0:
12:41]} g6 {[%emt 0:17:12]} 12. g3 {[%emt 0:02:32]} Be5 {[%emt 0:04:24]} 13.
Bxe5 {[%emt 0:10:11]} Nxe5 {[%emt 0:01:47]} 14. f4 {[%emt 0:05:45]} Nd3 {[%emt
0:23:05]} 15. Bxd3 {[%emt 0:09:18]} exd3 {[%emt 0:00:07]} 16. Ne1 {[%emt 0:00:
18]} b6 {[%emt 0:01:06]} 17. Nxd3 {[%emt 0:03:44]} Bb7 {[%emt 0:01:23]} 18. Ne5
{[%emt 0:02:35]} Rad8 {[%emt 0:04:50]} 19. Rc1 {[%emt 0:14:25]} c5 {[%emt 0:06:
52]} 20. Ng4 {[%emt 0:05:57]} Nxg4 {[%emt 0:20:47]} 21. Qxg4 {[%emt 0:00:34]}
d5 {[%emt 0:03:01]} 22. Rf2 {[%emt 0:20:06]} dxc4 {[%emt 0:05:20]} 23. Rxc4 {
[%emt 0:06:52]} Rxd2 {[%emt 0:11:11]} 24. Rxd2 {[%emt 0:16:36]} Qxe3+ {[%emt 0:
00:07]} 25. Rf2 {[%emt 0:00:09]} Qe1+ {[%emt 0:00:10]} 26. Rf1 {[%emt 0:00:04]}
Qe3+  1/2-1/2

[Event "The Irish Championship 2020"]
[Site "Colaiste Eanna, Dublin, Ireland"]
[Date "2020.08.01"]
[Round "1"]
[Board "16"]
[White "O'Connor, Jonathan"]
[Black "O'Gorman, Alice"]
[Result "1-0"]
[WhiteElo "2159"]
[BlackElo "1904"]
[PlyCount "121"]
[EventDate "2020.08.01"]
[EventRounds "9"]
[EventCountry "IRL"]

1. d4 {[%emt 0:00:07]} d5 {[%emt 0:00:11]} 2. c4 {[%emt 0:00:03]} e6 {[%emt 0:
00:13]} 3. g3 {[%emt 0:00:07]} Nf6 {[%emt 0:00:49]} 4. Bg2 {[%emt 0:00:09]}
Bb4+ {[%emt 0:01:30]} 5. Bd2 {[%emt 0:00:06]} Be7 {[%emt 0:00:18]} 6. Nf3 {
[%emt 0:00:18]} O-O {[%emt 0:01:05]} 7. O-O {[%emt 0:00:09]} c6 {[%emt 0:01:01]
} 8. Qc2 {[%emt 0:00:12]} Nbd7 {[%emt 0:01:48]} 9. Bf4 {[%emt 0:00:36]} b6 {
[%emt 0:03:36]} 10. Rd1 {[%emt 0:03:41]} Ba6 {[%emt 0:03:32]} 11. Ne5 {[%emt 0:
01:18]} Nxe5 {[%emt 0:06:55]} 12. dxe5 {[%emt 0:00:03]} Nd7 {[%emt 0:02:15]}
13. cxd5 {[%emt 0:00:18]} cxd5 {[%emt 0:01:53]} 14. e4 {[%emt 0:01:40]} Rc8 {
[%emt 0:10:17]} 15. Nc3 {[%emt 0:00:39]} g5 {[%emt 0:03:50]} 16. Be3 {[%emt 0:
02:17]} Nxe5 {[%emt 0:04:49]} 17. Qa4 {[%emt 0:08:49]} Rxc3 {[%emt 0:16:54]}
18. Qxa6 {[%emt 0:17:59]} Rc7 {[%emt 0:07:46]} 19. exd5 {[%emt 0:00:46]} Qc8 {
[%emt 0:01:48]} 20. Qe2 {[%emt 0:03:35]} Nc4 {[%emt 0:23:09]} 21. Bd4 {[%emt 0:
10:44]} Rd8 {[%emt 0:16:45]} 22. Bc3 {[%emt 0:19:11]} b5 {[%emt 0:04:18]} 23.
b3 {[%emt 0:16:54]} Ne3 {[%emt 0:10:49]} 24. Ba5 {[%emt 0:07:51]} Nxd1 {[%emt
0:00:43]} 25. Bxc7 {[%emt 0:00:05]} Qxc7 {[%emt 0:00:58]} 26. Rxd1 {[%emt 0:00:
10]} exd5 {[%emt 0:02:00]} 27. Bxd5 {[%emt 0:03:59]} Qc5 {[%emt 0:05:05]} 28.
Qf3 {[%emt 0:02:25]} Rf8 {[%emt 0:00:58]} 29. Qf5 {[%emt 0:01:11]} Kg7 {[%emt
0:05:43]} 30. Kg2 {[%emt 0:04:36]} Bf6 {[%emt 0:01:43]} 31. b4 {[%emt 0:05:49]}
Qxb4 {[%emt 0:04:45]} 32. Be4 {[%emt 0:00:11]} Rh8 {[%emt 0:00:52]} 33. Rd7 {
[%emt 0:00:12]} Qc3 {[%emt 0:00:00]} 34. Rxa7 Qe5 {[%emt 0:01:54]} 35. Qf3 {
[%emt 0:03:10]} h6 {[%emt 0:01:47]} 36. Bd5 {[%emt 0:01:25]} Rf8 {[%emt 0:01:
53]} 37. Rb7 {[%emt 0:01:11]} b4 {[%emt 0:02:10]} 38. Rxb4 {[%emt 0:02:51]} Rb8
{[%emt 0:00:26]} 39. Bb7 {[%emt 0:02:04]} Qc3 {[%emt 0:01:38]} 40. Rb5 {[%emt
0:04:09]} Qxf3+ {[%emt 0:00:48]} 41. Kxf3 {[%emt 0:00:04]} Bd4 {[%emt 0:01:15]}
42. a4 {[%emt 0:00:10]} Bc3 {[%emt 0:01:00]} 43. Ke4 {[%emt 0:00:18]} f6 {
[%emt 0:02:08]} 44. Kd5 {[%emt 0:02:43]} Rd8+ {[%emt 0:00:50]} 45. Kc4 {[%emt
0:01:17]} Bd4 {[%emt 0:00:55]} 46. f3 {[%emt 0:02:55]} Bg1 {[%emt 0:00:29]} 47.
Rb2 {[%emt 0:00:14]} f5 {[%emt 0:01:37]} 48. a5 {[%emt 0:00:16]} Rd1 {[%emt 0:
01:46]} 49. a6 {[%emt 0:00:43]} Ra1 {[%emt 0:00:48]} 50. Kd5 {[%emt 0:00:17]}
Rc1 {[%emt 0:00:47]} 51. Ke6 {[%emt 0:00:59]} f4 {[%emt 0:00:58]} 52. g4 {
[%emt 0:01:13]} Rc3 {[%emt 0:00:45]} 53. Be4 {[%emt 0:01:56]} Ra3 {[%emt 0:00:
48]} 54. Bb7 {[%emt 0:00:30]} Rc3 {[%emt 0:00:09]} 55. Ra2 {[%emt 0:00:20]} Ba7
{[%emt 0:00:10]} 56. Rd2 {[%emt 0:00:13]} Ra3 {[%emt 0:02:18]} 57. Rd7+ {[%emt
0:00:10]} Kf8 {[%emt 0:00:16]} 58. Kf6 {[%emt 0:02:31]} Ke8 {[%emt 0:00:15]}
59. Bc6 {[%emt 0:00:29]} Rxa6 {[%emt 0:00:32]} 60. Rd6+ {[%emt 0:00:03]} Rxc6 {
[%emt 0:00:48]} 61. Rxc6  1-0

[Event "The Irish Championship 2020"]
[Site "Colaiste Eanna, Dublin, Ireland"]
[Date "2020.08.02"]
[Round "2"]
[Board "2"]
[White "Melaugh, Shane"]
[Black "Fitzsimons, David"]
[Result "1-0"]
[WhiteElo "2161"]
[BlackElo "2334"]
[PlyCount "0"]
[EventDate "2020.08.01"]
[EventRounds "9"]
[EventCountry "IRL"]

1. c4 {[%emt 00:01:55]} Nf6 {[%clk 02:15:41]} 2. Nc3 {[%clk 02:15:19]} c5
{[%clk 02:15:08]} 3. g3 {[%clk 02:15:10]} g6 {[%clk 02:14:46]} 4. Bg2 {[%clk
02:15:38]} Bg7 {[%clk 02:15:15]} 5. e3 {[%clk 02:14:14]} O-O {[%clk 02:12:08]}
6. Nge2 {[%clk 02:14:17]} Nc6 {[%clk 02:10:59]} 7. O-O d6 {[%clk 02:06:19]} 8.
a3 {[%clk 02:05:49]} e5 {[%clk 02:04:05]} 9. Rb1 {[%clk 02:05:06]} Be6 {[%clk
02:04:05]} 10. Nd5 {[%clk 02:05:06]} Ne7 {[%clk 02:04:05]} 11. Nec3 {[%clk
02:05:06]} Nexd5 {[%clk 01:57:01]} 12. cxd5 {[%clk 01:52:52]} {[%emt 00:05:27]}
Bd7 {[%clk 01:54:40]} {[%emt 00:02:56]} 13. d3 {[%clk 01:45:35]} {[%emt
00:07:53]} Qc7 {[%clk 01:51:50]} {[%emt 00:03:24]} 14. Bd2 {[%clk 01:38:04]}
{[%emt 00:08:06]} Rfc8 {[%clk 01:42:15]} {[%emt 00:10:10]} 15. Qe2 {[%clk
01:24:17]} {[%emt 00:14:24]} b5 {[%clk 01:37:10]} {[%emt 00:05:38]} 16. Rfc1
{[%clk 01:16:19]} {[%emt 00:08:33]} a5 {[%clk 01:19:28]} {[%emt 00:18:17]} 17.
b4 {[%clk 01:11:30]} {[%emt 00:05:24]} Qb6 {[%clk 01:17:20]} {[%emt 00:02:43]}
18. h3 {[%clk 00:43:23]} {[%emt 00:28:43]} cxb4 {[%clk 01:14:28]} {[%emt
00:03:27]} 19. axb4 {[%clk 00:43:08]} {[%emt 00:00:50]} a4 {[%clk 01:14:55]}
{[%emt 00:00:08]} 20. e4 {[%clk 00:42:39]} {[%emt 00:01:05]} Rc7 {[%clk
01:10:33]} {[%emt 00:04:56]} 21. Be3 {[%clk 00:41:35]} {[%emt 00:01:37]} Qa6
{[%clk 01:10:22]} {[%emt 00:00:47]} 22. Qd2 {[%clk 00:38:46]} {[%emt 00:03:24]}
Be8 {[%clk 00:52:44]} {[%emt 00:18:12]} 23. Bf1 {[%clk 00:26:00]} {[%emt
00:13:22]} Nd7 {[%clk 00:50:48]} {[%emt 00:02:31]} 24. f3 {[%clk 00:26:06]}
{[%emt 00:00:29]} Rac8 {[%clk 00:48:29]} {[%emt 00:02:54]} 25. Rc2 {[%clk
00:24:55]} {[%emt 00:01:46]} f5 {[%clk 00:39:36]} {[%emt 00:09:28]} 26. Bf2
{[%clk 00:22:57]} {[%emt 00:02:33]} fxe4 {[%clk 00:36:41]} {[%emt 00:03:30]} 27.
fxe4 {[%clk 00:20:58]} {[%emt 00:02:34]} Bh6 {[%clk 00:26:24]} {[%emt
00:10:53]} 28. Qxh6 {[%clk 00:17:10]} {[%emt 00:04:24]} Rxc3 {[%clk 00:26:52]}
{[%emt 00:00:06]} 29. Rxc3 {[%clk 00:15:54]} {[%emt 00:01:51]} Rxc3 {[%clk
00:27:20]} {[%emt 00:00:06]} 30. Be2 {[%clk 00:14:52]} {[%emt 00:01:37]} a3
{[%clk 00:18:43]} {[%emt 00:09:11]} 31. Bg4 {[%clk 00:12:14]} {[%emt 00:03:14]}
a2 {[%clk 00:17:55]} {[%emt 00:01:23]} 32. Be6+ {[%clk 00:11:57]} {[%emt
00:00:52]} Bf7 {[%clk 00:18:03]} {[%emt 00:00:28]} 33. Ra1 {[%clk 00:08:09]}
{[%emt 00:04:23]} Qa4 {[%clk 00:11:14]} {[%emt 00:07:24]} 34. Qg5 {[%clk
00:02:48]} {[%emt 00:05:56]} Rc2 {[%clk 00:04:30]} {[%emt 00:07:18]} 35. Qd8+
{[%clk 00:01:47]} {[%emt 00:01:36]} Kg7 {[%clk 00:03:32]} {[%emt 00:01:34]} 36.
Qxd7 {[%clk 00:02:07]} {[%emt 00:00:14]} Rxf2 {[%clk 00:04:02]} {[%emt
00:00:06]} 37. Kxf2 {[%clk 00:02:34]} {[%emt 00:00:08]} Qc2+ {[%clk 00:04:33]}
{[%emt 00:00:04]} 38. Ke3 {[%clk 00:02:54]} {[%emt 00:00:15]}  1-0

[Event "The Irish Championship 2020"]
[Site "Colaiste Eanna, Dublin, Ireland"]
[Date "2020.08.02"]
[Round "2"]
[Board "3"]
[White "Byrne, Alex"]
[Black "O'Donnell, Conor"]
[Result "0-1"]
[WhiteElo "1976"]
[BlackElo "2304"]
[PlyCount "0"]
[EventDate "2020.08.01"]
[EventRounds "9"]
[EventCountry "IRL"]

1. e4 {[%clk 02:00:37]} {[%emt 00:01:48]} c5 {[%clk 02:15:44]} 2. a3 {[%clk
02:01:11]} Nc6 {[%clk 02:15:37]} 3. b4 {[%clk 02:01:31]} Nf6 {[%clk 02:15:35]}
4. b5 {[%clk 02:01:42]} Nd4 5. c3 {[%clk 01:58:37]} Ne6 {[%clk 02:16:04]} 6.
Qc2 d5 {[%clk 02:09:34]} 7. d3 c4 {[%clk 02:02:07]} 8. exd5 {[%clk 01:31:07]}
{[%emt 00:17:34]} cxd3 {[%clk 02:00:55]} {[%emt 00:01:46]} 9. Qd1 {[%clk
01:11:49]} {[%emt 00:19:53]} Nc5 {[%clk 01:50:58]} {[%emt 00:10:31]} 10. c4
{[%clk 00:57:50]} {[%emt 00:14:37]} Bg4 {[%clk 01:31:23]} {[%emt 00:20:09]} 11.
Nf3 {[%clk 00:50:36]} {[%emt 00:07:50]} e6 {[%clk 01:29:19]} {[%emt 00:02:36]}
12. Bxd3 {[%clk 00:47:28]} {[%emt 00:03:44]} Qa5+ {[%clk 01:26:35]} {[%emt
00:03:19]} 13. Kf1 {[%clk 00:47:56]} {[%emt 00:00:07]} O-O-O {[%clk 01:19:34]}
{[%emt 00:07:35]} 14. Bd2 {[%clk 00:46:29]} {[%emt 00:02:03]} Qc7 {[%clk
01:14:18]} {[%emt 00:05:49]} 15. Be2 {[%clk 00:46:44]} {[%emt 00:00:20]} exd5
{[%clk 01:12:24]} {[%emt 00:02:28]} 16. cxd5 {[%clk 00:46:16]} {[%emt
00:01:06]} Nce4 {[%clk 00:59:48]} {[%emt 00:13:09]} 17. Nc3 {[%clk 00:29:48]}
{[%emt 00:17:04]} Bc5 {[%clk 00:53:39]} {[%emt 00:06:43]} 18. Nxe4 {[%clk
00:28:29]} {[%emt 00:01:56]} Nxe4 {[%clk 00:53:53]} {[%emt 00:00:18]} 19. Be1
{[%clk 00:26:33]} {[%emt 00:02:34]} Kb8 {[%clk 00:48:19]} {[%emt 00:06:07]} 20.
h3 {[%clk 00:19:51]} {[%emt 00:07:18]} Be6 {[%clk 00:42:20]} {[%emt 00:06:33]}
21. a4 {[%clk 00:20:07]} {[%emt 00:00:20]} Bxd5 {[%clk 00:37:57]} {[%emt
00:04:58]} 22. Qc2 {[%emt 00:02:25]} f5 {[%clk 00:36:14]} {[%emt 00:00:01]} 23.
a5 {[%clk 00:19:14]} {[%emt 00:01:56]} g5 {[%clk 00:32:48]} {[%emt 00:04:01]}
24. Bc3 {[%clk 00:13:11]} {[%emt 00:06:38]} Bd6 {[%clk 00:24:52]} {[%emt
00:08:31]} 25. Rc1 {[%clk 00:11:52]} {[%emt 00:01:54]} Rc8 {[%clk 00:20:46]}
{[%emt 00:04:41]} 26. Bxh8 {[%clk 00:11:40]} {[%emt 00:00:47]} Qxc2 {[%clk
00:21:05]} {[%emt 00:00:15]} 27. Rxc2 {[%clk 00:12:14]} {[%emt 00:00:02]} Rxc2
{[%clk 00:21:30]} {[%emt 00:00:08]} 28. g4 {[%clk 00:08:01]} {[%emt 00:04:50]}
Rc1+ {[%clk 00:15:38]} {[%emt 00:06:26]} 29. Kg2 {[%clk 00:08:21]} {[%emt
00:00:16]} Rxh1 {[%clk 00:16:04]} {[%emt 00:00:09]} 30. Kxh1 {[%clk 00:08:55]}
{[%emt 00:00:02]} Nxf2+ {[%clk 00:14:55]} {[%emt 00:01:43]} 31. Kg2 {[%clk
00:09:28]} {[%emt 00:00:02]} Nxg4 {[%clk 00:14:57]} {[%emt 00:00:32]} 32. hxg4
{[%clk 00:10:02]} {[%emt 00:00:02]} fxg4 {[%clk 00:15:22]} {[%emt 00:00:10]} 33.
Bf6 {[%clk 00:10:32]} {[%emt 00:00:05]} Bf4 {[%clk 00:13:55]} {[%emt 00:02:01]}
34. a6 {[%clk 00:10:46]} {[%emt 00:00:21]} h5 {[%clk 00:11:58]} {[%emt
00:02:33]} 35. Kf2 {[%clk 00:11:12]} {[%emt 00:00:06]} gxf3 {[%clk 00:11:20]}
{[%emt 00:01:15]} 36. Bxf3 {[%clk 00:11:42]} {[%emt 00:00:06]} Bxf3 {[%clk
00:07:26]} {[%emt 00:04:29]} 37. Kxf3 {[%clk 00:12:16]} b6 {[%clk 00:04:42]}
{[%emt 00:03:18]} 38. Bd4 {[%clk 00:12:49]} {[%emt 00:00:02]} Bd6 {[%clk
00:03:47]} {[%emt 00:01:30]} 39. Bf6 {[%clk 00:11:33]} {[%emt 00:01:52]} g4+
{[%clk 00:04:02]} {[%emt 00:00:20]} 40. Kg2 {[%clk 00:12:07]} {[%emt 00:00:02]}
Kc8 {[%clk 00:04:13]} {[%emt 00:00:23]} 41. Bg5 {[%clk 00:11:42]} {[%emt
00:01:01]} Kd7 {[%clk 00:04:30]} {[%emt 00:00:17]} 42. Be3 {[%clk 00:12:16]}
{[%emt 00:00:02]} Bc7 {[%clk 00:04:40]} {[%emt 00:00:23]} 43. Bg5 {[%clk
00:12:29]} {[%emt 00:00:23]} Ke6 {[%clk 00:04:57]} {[%emt 00:00:17]}  0-1